Four AIs' Top 10 Cities - Statistics

General Stats
  • This quiz has been taken 8 times
  • The average score is 25 of 40
Answer Stats
Rank Model City Reason % Correct
1 GPT-4o mini New York A global financial center, home to the United Nations headquarters, and a cultural melting pot with significant influence in media, art, and fashion.
100%
5 GPT-4o mini Beijing The capital of China, it is a political and cultural center with a growing influence in global economics and international relations.
86%
9 Claude 3 Haiku Beijing The political and cultural capital of China, a global center of power and influence.
86%
8 GPT-4o mini Los Angeles The entertainment capital of the world, it has a significant impact on global culture through film, music, and television.
86%
10 Claude 3 Haiku Moscow The political, economic, and cultural center of Russia, a major global city with significant influence.
86%
1 Claude 3 Haiku New York Global financial and economic center, home to the United Nations headquarters, and a major hub for media, culture, and tourism.
86%
4 GPT-4o mini Paris Renowned for its art, fashion, and culture, *** is also a significant political and economic center in Europe, hosting many international institutions.
86%
6 Claude 3 Haiku Paris A global center of art, fashion, gastronomy, and culture, and a major political and economic center.
86%
3 GPT-4o mini Tokyo The world's most populous metropolitan area, it is a leading center for technology, finance, and culture, known for its innovation and economic power.
86%
2 Claude 3 Haiku Tokyo The world's most populous metropolitan area, a global center of finance, technology, and innovation.
86%
5 Mixtral 8x7B Beijing As the capital of China, *** is a political, cultural, and educational hub, and is also a major transportation hub in North China.
71%
7 GPT-4o mini Dubai A global city known for its modern architecture, luxury tourism, and as a major business and trade hub in the Middle East.
71%
2 GPT-4o mini London A major financial hub with a rich history, it is influential in politics, culture, and education, hosting numerous international organizations.
71%
10 GPT-4o mini Mumbai The financial capital of India, it is a major economic hub and home to Bollywood, influencing culture and entertainment in the region.
71%
1 Llama 3.1 70B New York As a global financial hub and home to the United Nations, *** plays a significant role in international relations, finance, and culture.
71%
2 Mixtral 8x7B New York Known as the "Big Apple," *** is a leading financial, cultural, and entertainment center, housing the United Nations headquarters.
71%
8 Llama 3.1 70B Shanghai As a major economic and financial hub, *** is driving growth and innovation in China and has significant influence on global trade and international relations.
71%
6 GPT-4o mini Singapore A key financial hub in Asia, known for its strategic location, strong economy, and as a center for trade and commerce.
71%
3 Llama 3.1 70B Tokyo As the capital of Japan, *** is a major economic and technological hub, driving innovation and growth in East Asia and beyond.
71%
4 Llama 3.1 70B Beijing As the capital of China, *** is a center for politics, economy, and culture, with significant influence on global trade, diplomacy, and international relations.
57%
10 Llama 3.1 70B Dubai As a major hub for international trade, finance, and tourism, *** plays a significant role in connecting the Middle East to the rest of the world and is a center for innovation and entrepreneurship.
57%
3 Claude 3 Haiku London A leading global city for business, finance, arts, media, and education, and a major political and cultural center.
57%
5 Claude 3 Haiku Los Angeles A global center of the entertainment industry, a major transportation and logistics hub, and a hub for technology and innovation.
57%
9 Llama 3.1 70B Los Angeles As a global center for entertainment, technology, and innovation, *** has a significant impact on popular culture, international relations, and the global economy.
57%
6 Mixtral 8x7B Mumbai As the financial capital of India, *** is home to numerous Indian conglomerates and is also a major port city.
57%
5 Llama 3.1 70B Paris As a global center for art, fashion, and culture, *** has a significant impact on international relations, tourism, and the global economy.
57%
4 Mixtral 8x7B Paris The "City of Light" is a global center for art, fashion, gastronomy, and culture, and is also a major European hub for finance and commerce.
57%
7 Mixtral 8x7B Shanghai As the largest city in China by population, *** is a global financial hub and a major port city.
57%
1 Mixtral 8x7B Tokyo As the world's most populous metropolitan area, *** is a major financial hub and home to numerous global corporations.
57%
2 Llama 3.1 70B London As a major financial center and a hub for international trade, *** has a significant impact on the global economy and is a center for culture, education, and innovation.
43%
3 Mixtral 8x7B London As a global city, *** is a major player in finance, arts, commerce, education, entertainment, fashion, healthcare, media, professional services, research and development, tourism, and transportation.
43%
10 Mixtral 8x7B Moscow As the capital of Russia, *** is a major political, economic, cultural, and scientific center in Eastern Europe and the Commonwealth of Independent States (CIS).
43%
9 Mixtral 8x7B Seoul As the capital of South Korea, *** is a major hub for finance, culture, and commerce in Asia.
43%
6 Llama 3.1 70B Singapore As a major financial and trade hub, *** plays a significant role in connecting East Asia to the rest of the world and is a center for innovation and entrepreneurship.
43%
9 GPT-4o mini Hong Kong A major financial center with a unique blend of Eastern and Western influences, it plays a crucial role in international trade and finance.
29%
8 Claude 3 Haiku Hong Kong A global financial center, a major transportation hub, and a center of trade and commerce.
29%
8 Mixtral 8x7B São Paulo As the largest city in the Southern Hemisphere, *** is a major financial and commercial center in Brazil.
29%
4 Claude 3 Haiku Shanghai The world's busiest container port, a global financial hub, and a major center of manufacturing and trade.
29%
7 Claude 3 Haiku Singapore A global financial center, a major transportation hub, and a leader in technology and innovation.
29%
7 Llama 3.1 70B Hong Kong As a major financial center and a hub for international trade, *** has a significant impact on the global economy and is a center for finance, trade, and culture.
14%
No matching quizzes found
Score Distribution
Percent of People with Each Score
Percentile by Number Answered
Your Score History
You have not taken this quiz